000 00781nam a22001577a 4500
003 OSt
005 20151022152419.0
008 151022b xxu||||| |||| 00| 0 eng d
040 _cRUA
082 _aAVM OU 2011 B100 Or.1
100 _92688
_aOU, TEKEING.
245 _aPrevalence of parasite and treatment in dogs at animal clinic of department of agriculre in phnom phen, កន្រិតរាលដាលនៃបរ់សិត និងការព្យាបាលលើសត្វសុខននៅឃ្លីនិច (ផ្នែកពិនិត្យ និងព្យាបាលសត្វ)នៃមន្ទីរកសិកម្មរាជធានីភ្នំពេញ.
260 _aphnom phen
_bRUA
_c2011
300 _aVIII,36p.
942 _2ddc
_cAVM
999 _c2513
_d2513